Library Catalog

Exild by iron / (Record no. 492652)

MARC details
000 -LEADER
fixed length control field 01007nam a22002177a 4500
003 - CONTROL NUMBER IDENTIFIER
control field OSt
005 - DATE AND TIME OF LATEST TRANSACTION
control field 20260511104730.0
008 - FIXED-LENGTH DATA ELEMENTS--GENERAL INFORMATION
fixed length control field 260511b |||||||| |||| 00| 0 eng d
020 ## - INTERNATIONAL STANDARD BOOK NUMBER
International Standard Book Number 9780008615949
040 ## - CATALOGING SOURCE
Original cataloging agency Kenya National Library Service
082 ## - DEWEY DECIMAL CLASSIFICATION NUMBER
Classification number 813.6 OKO
100 ## - MAIN ENTRY--PERSONAL NAME
Personal name Okosun, Ehigbor
245 ## - TITLE STATEMENT
Title Exild by iron /
Statement of responsibility, etc. Ehigbor, Okosun.
300 ## - PHYSICAL DESCRIPTION
Extent xviii, 524 pages ;
Dimensions 24 cm
520 ## - SUMMARY, ETC.
Summary, etc. The novel follows a powerful young woman forced into exile after political betrayal and conflict threaten her homeland. As she struggles to survive beyond the borders of her kingdom, she discovers hidden strengths, dangerous magic, and truths about her identity that could reshape the fate of her people. Inspired by African mythology and culture, the story combines political intrigue, warfare, and epic fantasy adventure.
650 ## - SUBJECT ADDED ENTRY--TOPICAL TERM
Topical term or geographic name entry element Magic -- Fiction
650 ## - SUBJECT ADDED ENTRY--TOPICAL TERM
Topical term or geographic name entry element African mythology — Fiction
942 ## - ADDED ENTRY ELEMENTS (KOHA)
Source of classification or shelving scheme Dewey Decimal Classification
Koha item type Books
Suppress in OPAC No
Holdings
Withdrawn status Source of classification or shelving scheme Damaged status Not for loan Home library Current library Date acquired Source of acquisition Cost, normal purchase price Total checkouts Full call number Barcode Date last seen Price effective from Koha item type
  Dewey Decimal Classification     Nakuru Library Acquisition, Cataloguing, Classification and Distribution Development 05/11/2026 BAI 2124.00   813.6 OKO B235281 05/11/2026 05/11/2026 Books

© 2025, Kenya National Library Service | Designed & Maintained by Uvumbuzi Center